000 00838nam a2200265 i 4500
003 DO-SdBNP
005 20231030105045.0
007 ta
008 231030b2017 dr ||||| |||| 00| 0 spa d
020 _a9789945598100
040 _aDO-SdBNP
_bspa
_cBNPHU
_erda
082 4 _222
100 _aChaljub, Paola,
_d1980-
_eautora
_984549
245 1 0 _aSoltera en tiempos modernos /
_cPaola Chaljub ; prólogo, Ramón E. Colombo
264 _aSanto Domingo :
_bArgos,
_c2017.
300 _a122 páginas ;
_c22 cm.
336 _2rdacontent
_atexto
_btxt
337 _2rdamedia
_asin mediación
_bn
338 _2rdacarrier
_avolumen
_bnc
500 _aIncluye datos biográficos de la autora en la contracubierta
590 _aInventariado, 2023/BT
700 _aColombo, Ramón E.,
_eprólogo
_911670
910 _aBtavárez
942 _2ddc
_cLBS1
999 _c55334
_d55334